MECHANICKÉ A ÚNAVOVÉ VLASTNOSTI KOMPOZITNÍCH MATERIÁLŮ

Bibliographic Details
Main Author: Černý, Ivo (Author)
Format: Article
Language:Czech
ISBN:9788080708887

MARC

LEADER 00000naa a2200000uu 4500
001 vtls011060089
003 SK-MaSNL
005 20260302114436.0
008 220810|2008 xo |||||||||||||||||cze|
015 |a SNBRA 
035 |a (urnnbn)urn:nbn:sk:snk:ar-a0c1x2 
035 |a (uuid)54dbdc7a-93fc-4f05-89a8-6c78cb2c1447 
035 |a urn:nbn:sk:snk-aav8gl 
040 |a SNKBUCL  |b slo  |c SNKBUCL  |e AACR2 
041 0 |a cze 
044 |a xo  |c SK 
100 1 |a Černý, Ivo  |4 aut  |9 792238 
245 1 0 |a MECHANICKÉ A ÚNAVOVÉ VLASTNOSTI KOMPOZITNÍCH MATERIÁLŮ  |c Ivo Černý 
773 0 |t Letná škola únavy materiálov '2008  |d V Žiline : Edis, 2008  |g S. 101-110  |z 9788080708887 
954 |a odborná, vedecká literatúra cudzojazyčná (svetová)  |2 lita 
958 |a OND 
958 |a article12 
958 |a chapter 
999 |c 1259622  |d 1261552